| 000 | 00400nam a2200169Ia 4500 | ||
|---|---|---|---|
| 008 | 230711s9999||||xx |||||||||||||| ||und|| | ||
| 041 | _aENG | ||
| 082 |
_a5 _bVE-D |
||
| 100 | _aVerma,Vikas | ||
| 245 | 0 | _aDatabase administration | |
| 250 | _a1st Ed. | ||
| 260 |
_c2014 _aJalandhar _bThakur Publication |
||
| 300 | _a301 | ||
| 650 | _aComputer Engineering | ||
| 700 | _aSharma,Rajesh | ||
| 942 | _cBK | ||
| 999 |
_c5656 _d5656 |
||